000 00811nam a2200277Ia 4500
001 Para_6178
003 CHAP
008 220125s1981 xx 000 0 und d
010 _a204798
040 _cCHAP
090 _aPA FOLLETO 291
100 _aAndrade Arias, Enrique
_95637
245 _aGuía para cultivar garbanzo porquero de riego en Guanajuato /
_c por Enrique Andrade Arias
260 _aMéxico :
_b El Instituto
300 _a11 p.
440 _aFolleto para productores;3
_9141722
650 _aGarbanzo
_945596
710 _aInstituto Nacional de Investigaciones Agrícolas (México)
_959316
901 _aPA FOLLETO 291
902 _aA
905 _a0000001981 a 0000000000 00
910 _a1981
942 _cPARA
942 _cPARA
_d1
999 _c204798
_d204798